000
00252nam a2200097Ia 4500
005
20251222114356.0
008
251222s1900||||xx |||||||||||||| ||spa||
082
_a
DVD0070/M98/2008/Ej.2
245
0
_a
Il papa´ di Giovanna:El papá de Giovanna
942
_c
DVD
999
_c
1439
_d
1439